| 000 | 00989nam a2200277 a 4500 | ||
|---|---|---|---|
| 999 |
_c23952 _d23952 |
||
| 001 | 4912224 | ||
| 005 | 20170127122818.0 | ||
| 008 | 940317s1993 txua b 001 0 eng d | ||
| 010 | _a 94132212 | ||
| 020 | _a0155000993 | ||
| 035 | _a(OCoLC)27606612 | ||
| 050 | 0 | 0 | _aLB3051 .H325 1993 |
| 100 | 1 | _aHanna, Gerald S. | |
| 245 | 1 | 0 |
_aBetter teaching through better measurement / _cGerald S. Hanna. |
| 260 |
_aFort Worth : _bHarcourt Brace Jovanovich College Publishers, _cc1993. |
||
| 300 |
_axiii, 559 p. : _bill. ; _c25 cm. |
||
| 504 | _aIncludes bibliographical references (p. [543]-549) and indexes. | ||
| 650 | 0 | _aEducational tests and measurements. | |
| 942 |
_2lcc _cBOOKS |
||